000
00290nam a22001097a 4500
999
_c
13913
_d
13913
082
_a
410
100
_a
Zoltan Dornyei
245
_a
Research Methods in Applied Linguistics: Quantitative, Qualitative, and Mixed Methodologies
260
_a
London
_b
Oxford
300
_a
322 pages
942
_c
BK